000 00667nam a2200253Ia 4500
005 20260121154658.0
008 008 260114s9999 xx 000 0 eng d
020 _a9781003029199
037 _aEBOOK
040 _aCRL
040 _beng
040 _cCRL
041 _2eng
041 _aeng
084 _qCRL
100 _a Gra?yna Jurkowlaniec; Magdalena Herman
_91010177
245 4 _aThe Reception of the Printed Image in the Fifteenth and Sixteenth Centuries
260 _bTaylor and Francis
260 _c2021
856 _uhttp://www.taylorfrancis.com/books/9781003029199
942 _cEBOOK
999 _c1576998
_d1576998